00972nam a22002177a 4500999001900000005001700019020002600036035001300062037001900075082000800094100002000102245017900122250003500301260005800336270007800394300002700472700002500499710001700524942002200541952019100563 c158207d15820720181220152737.0 a9789311129211c500.00 aB-710595 adplbRK Books  a000 aSharma, Mohit  aIAS mains general studies paper 3:btechnology economic development bio-diversity environment, security & disaster management /cMohit Sharma...[et al] edited by Priya Goyal  aFull Revised & Updated Edition aNew DelhibArihant Publications(India ) Limitedc2015 a4577/15, Agarwal Road, Daryaganj bNew Delhi e110002k011-47630600l-m- a678p.bill.c24cm(pbk) aGoyal, Priya, edtior aGoyal, Priya 2ddccENh000mIAS 001040708NFICaBL1bBL1d2018-10-20eRK Books/IN1915/18-19/13-10-18/532/04-10-18/15-10-18 g500.00l4m2o000 IASpB-710595r2019-03-28 00:00:00s2019-02-12t1v500.00w2018-10-20yEN